000
00282nam a2200109 4500
999
_c
10412
_d
10412
008
180829b ||||| |||| 00| 0 eng d
245
_a
History and irony.
260
_a
Philippines
_b
The Philippine Star
_c
c2016
300
_a
page F-4.
650
0
_9
30585
_a
History.
942
_2
ddc
_c
PER